000 00924nam a2200277 i 4500
003 DO-SdBNP
005 20240301192839.0
006 a||||gr|||| 00| 0
007 ta
008 231023t2000 |||a|||| |||| 00| f spa d
040 _aDO-SdBNP
_bspa
_cBNPHU
_erda
082 4 _bC733
_222
100 1 _aGalván, Manuel de J.
_q(Manuel de Jesús)
_d1834-1910
_928507
110 _aComisión Centroamericana Para la Reforma Educativa
_984537
245 1 0 _aMañana es muy tarde
264 4 _aSanto Domingo :
_bPREAL,
_c2000
300 _a33 páginas :
_bIlustraciones ;
_c29 cm.
336 _2rdaconten
_atexto
_btxt
337 _2rdamedia
_asin mediación
_bn
338 _2rdacarrier
_avolumen
_bnc
590 _aInventariado 2023 / DG
650 _aReforma educativa
_9860
_xCongresos, conferencias, etc
_zAmérica Latina
651 4 _aRepública Dominicana
_xHistoria
_y1503-1538
_914942
910 _aDG
942 _2ddc
_cLBS1
999 _c55289
_d55289